000
00333nam a2200145Ia 4500
008
150201s2012 xx 000 0 und d
082
_a
610.733
_b
W12P
100
_a
PATEL MANSUKH
245
_a
WARD PROUDURS
250
_a
5TH
260
_b
ELSEVIER
_a
INDIA
_c
2012
300
_a
350
650
_a
WARD MANAGEMENT
942
_2
ddc
_c
BK
_0
7
999
_c
2068
_d
2068